[Event "IV Open FIDE"]
[Site "Forli' ITA"]
[Date "1991.09.15"]
[Round "9"]
[White "Ortega, Lexy"]
[Black "Shrentzel, Israel"]
[Result "1-0"]
[WhiteElo "2410"]
[BlackElo "2375"]
[PlyCount "89"]
[EventDate "1991.09.07"]

1. d4 Nf6 2. Nf3 g6 3. c4 Bg7 4. g3 O-O 5. Bg2 d6 6. O-O Nbd7 7. Nc3 e5 8. e4
h6 9. b3 Nh7 10. dxe5 dxe5 11. Be3 Ng5 12. Nxg5 hxg5 13. Qd2 g4 14. Rad1 c6 15.
h3 gxh3 16. Bxh3 Qe7 17. Bxd7 Rd8 18. Nd5 cxd5 19. Bxc8 d4 20. Bh3 dxe3 21.
Qxe3 Rd4 22. Rxd4 exd4 23. Qd3 Qa3 24. Qd2 Re8 25. Bg2 Qc5 26. Rd1 a5 27. f4
d3+ 28. Kf1 g5 29. Qxd3 gxf4 30. gxf4 Qh5 31. Qd7 Re6 32. Qd8+ Kh7 33. Rd3 Bf6
34. Qd5 Qg4 35. Qf5+ Qxf5 36. exf5 Re7 37. Rd6 Bc3 38. f6 Re6 39. Rd7 Bxf6 40.
Kf2 Kg7 41. Bxb7 Re8 42. Kg3 Rb8 43. Bf3 Kg6 44. Be4+ Kh5 45. Rd5+ 1-0

[Event "IV Open FIDE"]
[Site "Forli' ITA"]
[Date "1991.09.15"]
[Round "9"]
[White "Payen, Arnaud"]
[Black "Mauro, Alan"]
[Result "1-0"]
[WhiteElo "2235"]
[BlackElo "2240"]
[PlyCount "143"]
[EventDate "1991.09.07"]

1. e4 c5 2. Nf3 d6 3. d4 cxd4 4. Nxd4 Nf6 5. Nc3 g6 6. g3 Bg7 7. Bg2 O-O 8. O-O
Bg4 9. Nde2 Nc6 10. h3 Bd7 11. Bg5 Qa5 12. Nd5 Rfe8 13. Nxf6+ exf6 14. Bd2 Qb6
15. Bc3 Ne5 16. Nf4 Rac8 17. Bd4 Qc7 18. Rc1 Be6 19. b3 b5 20. c3 Qa5 21. Rc2
Re7 22. Kh2 Rec7 23. Rd2 Nc6 24. Ne2 Nxd4 25. cxd4 f5 26. f4 fxe4 27. Bxe4 f5
28. Bg2 b4 29. Re1 Bd5 30. Ng1 Bxg2 31. Kxg2 Rc3 32. d5 Qb5 33. Nf3 R3c5 34.
Re6 Bc3 35. Rd3 Bb2 36. Rxd6 Rc2+ 37. Rd2 Rxd2+ 38. Qxd2 Bc1 39. Qf2 Qd3 40.
Rc6 Re8 41. Re6 Rxe6 42. dxe6 Be3 43. Qb2 h6 44. e7 Qe4 45. Qe2 Kf7 46. e8=Q+
Kxe8 47. Qb5+ Kd8 48. h4 Kc7 49. Qe5+ Kc6 50. Qf6+ Kb7 51. Qxg6 Bb6 52. Qg7+
Ka6 53. Qb2 Qe3 54. Qd2 Qe4 55. Qd1 Kb7 56. Kh3 a5 57. Ne5 Bd4 58. Nf3 Bc3 59.
Qf1 Kb6 60. Qg1+ Kc6 61. Qg2 Kc5 62. Qf2+ Kd5 63. Qb6 Qe6 64. Qxa5+ Ke4 65. Nh2
Ke3 66. Qc5+ Kd2 67. a3 bxa3 68. Qxa3 Kd3 69. Qa8 Qe4 70. Qa7 Bd4 71. Qa2 Qh1
72. Qg2 1-0

[Event "IV Open FIDE"]
[Site "Forli' ITA"]
[Date "1991.09.15"]
[Round "9"]
[White "Winterstein, Wolfgang"]
[Black "Hansen, Curt"]
[Result "1/2-1/2"]
[WhiteElo "2300"]
[BlackElo "2600"]
[PlyCount "42"]
[EventDate "1991.09.07"]

1. e4 c5 2. Nf3 d6 3. d4 Nf6 4. Nc3 cxd4 5. Nxd4 g6 6. Be3 Bg7 7. f3 Nc6 8. Qd2
O-O 9. Bc4 Bd7 10. h4 Ne5 11. Bb3 Rc8 12. O-O-O Nc4 13. Bxc4 Rxc4 14. h5 Nxh5
15. g4 Nf6 16. Bh6 Nxe4 17. Qe3 Rxc3 18. bxc3 Nf6 19. Bxg7 Kxg7 20. Ne2 Rg8 21.
Ng3 Bc6 1/2-1/2